សីលធម៌-ពលរដ្ឋវិជ្ជា : (Record no. 6885)

MARC details
000 -LEADER
fixed length control field 02233nam a22002417a 4500
001 - CONTROL NUMBER
control field 6885
003 - CONTROL NUMBER IDENTIFIER
control field FISKH
005 - DATE AND TIME OF LATEST TRANSACTION
control field 20250916114342.0
008 - FIXED-LENGTH DATA ELEMENTS--GENERAL INFORMATION
fixed length control field 250604b cb ||||| |||| 00| 0 eng d
020 ## - INTERNATIONAL STANDARD BOOK NUMBER
International Standard Book Number 9789995001001
040 ## - CATALOGING SOURCE
Original cataloging agency FISKH
Language of cataloging khr
Transcribing agency FISKH
Modifying agency FISKH
082 ## - DEWEY DECIMAL CLASSIFICATION NUMBER
Classification number 370
100 ## - MAIN ENTRY--PERSONAL NAME
Personal name Seang, Tith
245 ## - TITLE STATEMENT
Title សីលធម៌-ពលរដ្ឋវិជ្ជា :
Remainder of title ១១ /
Statement of responsibility, etc. គណ:កម្មការនិពន្ធ លោក ទិត​ សៀង, លោក មាស ជុតិមា, លោក ភុក ប៉ាវ និង លោក សាម សារុំ
250 ## - EDITION STATEMENT
Edition statement បោះពុម្ពឆ្នាំ2023
260 ## - PUBLICATION, DISTRIBUTION, ETC.
Place of publication, distribution, etc. Phnom Penh :
Name of publisher, distributor, etc. គ្រឺះស្ថានបោះពុម្ពនិងចែកផ្សាយ ,
Date of publication, distribution, etc. 2023.
300 ## - PHYSICAL DESCRIPTION
Extent 204​ pages :
Other physical details illustrations ;
Dimensions 25 cm .
520 ## - SUMMARY, ETC.
Summary, etc. សៀវភៅ សីលធម៌-ពលរដ្ឋវិជ្ជា ថ្នាក់ទី១១ ដែលបោះពុម្ពផ្សាយដោយក្រសួងអប់រំ យុវជន និងកីឡា នៅឆ្នាំ ២០១១ មានចំនួនទំព័រ ២០៤ និងមានរូបភាព និងផែនទីចំនួន ២៥។ សៀវភៅនេះមានគោលបំណងផ្តល់ចំណេះដឹងដល់សិស្សថ្នាក់ទី១១អំពីសិលធម៌ និងសិទ្ធិពលរដ្ឋ ដើម្បីអភិវឌ្ឍសមត្ថភាពក្នុងការរស់នៅក្នុងសង្គមយ៉ាងសមរម្យ និងមានចំណេះដឹងផ្នែកសិលធម៌។
520 ## - SUMMARY, ETC.
Summary, etc. The book "Civics and Morality for Grade 11", published by the Ministry of Education, Youth and Sport in 2011, contains 204 pages and includes 25 illustrations and maps. This book aims to provide Grade 11 students with knowledge about morality and civic rights, in order to help them develop the skills needed to live appropriately and responsibly in society, with a solid understanding of ethical values.<br/><br/><br/><br/><br/>
700 ## - ADDED ENTRY--PERSONAL NAME
Personal name Satya, Chom
Relator term Illustrator
942 ## - ADDED ENTRY ELEMENTS (KOHA)
Source of classification or shelving scheme Dewey Decimal Classification
Koha item type Khmer Books
Suppress in OPAC No
Holdings
Withdrawn status Lost status Source of classification or shelving scheme Damaged status Not for loan Collection Home library Current library Shelving location Date acquired Total Checkouts Full call number Barcode Date last seen Copy number Price effective from Koha item type
    Dewey Decimal Classification     Khmer Language Books / សៀវភៅភាសាខ្មែរ Footprints International School Library Network Toul Tom Poung Campus Footprints International School Library Network Toul Tom Poung Campus TTP Secondary Khmer Bookshelves 06/04/2025   SEA 370 2025-1479 06/04/2025 1 06/04/2025 Khmer Books
    Dewey Decimal Classification     Khmer Language Books / សៀវភៅភាសាខ្មែរ Footprints International School Library Network Toul Tom Poung Campus Footprints International School Library Network Toul Tom Poung Campus TTP Secondary Khmer Bookshelves 06/04/2025   SEA 370 2025-1558 06/06/2025 2 06/04/2025 Khmer Books